000 00966nas a2200313 4500
001 BR2017000839
003 BR-BrBNA
005 20231205130855.0
007 ta
008 230509b bl.|||p| |||| 00| 00por d
040 _aBR-BrBNA
_bpor
_cBiblioteca Nacional de Agricultura
041 _a(Pt)
072 _aK50
100 1 _aPertuzzatti, A.
100 1 _aMissio, A.L.
100 1 _aGatto, D.A.
100 1 _aFarias, J.A.
100 1 _aHaselein, C.R.
245 1 _aTratamento térmico da madeira em atmosfera de glicerina
650 _aMADEIRA
650 _aTRATAMENTO TÉRMICO
650 _aGLICERINA
650 _aCOLORIMETRIA
650 _aINDÚSTRIA FLORESTAL
773 0 _tPesquisa Florestal Brasileira (Brazil)
_xISSN 1983-2605
_g(Oct-Dec 2016), v. 36(88) p. 443-449
_wBR2017000839
856 4 0 _uhttp://pfb.cnpf.embrapa.br/pfb/index.php/pfb/article/view/1183/537
909 _a202311
_bLúcia
_c55
_dLúcia Elande
942 _2AGRIS
_n0
_cANA
999 _c251783
_d251783